NFL 2025: Rushing Leaders - Statistics

General Stats
  • This quiz has been taken 88 times
    40 since last reset
  • The average score is 8 of 10
Answer Stats
Number Player Rushing Yards Last Week % Correct
28 Jonathan Taylor 1.585 ⏬️ #2
91%
0 Jahmyr Gibbs 1.223 ⏫️ #9
89%
26 Saquon Barkley 1.140 ⏺️ #10
89%
23 Christian McCaffrey 1.202 ⏺️ #8
86%
22 Derrick Henry 1.595 ⏫️ #3
86%
4 James Cook 1.621 ⏺️ #1
86%
7 Bijan Robinson 1.478 ⏺️ #4
83%
33 Javonte Williams 1.201 ⏬️ #6
80%
23 Kyren Williams 1.252 ⏫️ #7
80%
28 DeVon Achane 1.350 ⏺️ #5
74%
No matching quizzes found
Score Distribution
Percent of People with Each Score
Percentile by Number Answered
Your Score History
You have not taken this quiz since the last reset